1056 1704 1748 1288 1074 1154 1178 1304 1897 1653 1523 1294 1448 1677 1882 1489 1939 1066 1522 1836 1997 1997 1662 1766 1189 1524 1033 1264 1345 1424 1219 1165 1105 1843 1585 1223 1668 1756 1520 1888 1939 1421 1230 1455 1627 1801 1793 1003 1197 1526 1525 1363 1969 1522 1640 1198 1821 1552 1306 1625 1887 1780 1392 1578 1630 1370 1853 1346 1853 1310 1277 1071 1127 1147 1630 1366 1198 1195 1929 1179 1877 1713 1283 1551 1928 1628 1369 1302 1322 1931 1222 1469 1443 1011 1437 1930 1740 1044 1701 BCNSPRNW ULIB Ver.6.0+V

เปลี่ยนเป็นภาษาไทย

Change to English
 แสดงรายละเอียดบรรณานุกรม
  กลับหน้าหลัก

Brief Record : Get Marc (ISO 2709) : E-mail record : QR code < ปิดหน้าต่าง
LEADER : 00000nam 2200000uu 4500
001    13399109050
003     ULIB
008    110321s2548||||th 000 0 tha d
020    9741006878
024     9789741006878
050  4 PZ90.T5^bว968ฉ 2551
100 0  ไวทย์ สันตยารมณ์
245 10 ฉำฉา /^cครูไวทย์ สันตยารมณ์
246    ฉำฉา ยอดอัจฉริยะ เล่ม 1 โสดาบัน เล่ม 2 (ฉบับสมบูรณ์)
250    พิมพ์ครั้งที่ 1
260    กรุงเทพฯ :^bครอบครัว,^c2548
300    403 หน้า :^bภาพประกอบ (สีบางภาพ) ;^c21 ซม.
650  7 วรรณกรรมสำหรับเด็ก
650  7 นิทานคติธรรม
945    ^p150^l0^i029816
945    ^p150^l0^i029815
945    ^p150^l0^i029814
995    เกษร
999 ^a ใช้งานได้ทุกระบบ
รายการนี้ยังไม่มีแท็ก
คุณยังไม่ได้ล็อกอิน คุณสามารถมีกิจกรรมร่วมกับเว็บไซต์ได้ แต่ต้องล็อกอินก่อน ::
  ล็อกอิน

รายการสื่อสารสนเทศ

ลำดับที่ ประเภท เลขเรียก/บาร์โค้ด สถานที่ สถานะ
- ไม่พบข้อมูล -

รายการใกล้เคียง
    ผู้แต่ง [ไวทย์ สันตยารมณ์]

    หัวเรื่อง [วรรณกรรมสำหรับเด็ก]
    หัวเรื่อง [นิทานคติธรรม]

BibComment


ยังไม่เคยถูกคอมเมนท์

คอมเมนท์ทรัพยากรรายการนี้
  คอมเมนท์: ฉำฉา ครูไวทย์ สั..


 Copyright 2026. Bcnsprnw @Library